logo

Bir Sreshtho Munshi Abdur Rouf Library
Jhenaidah Cadet College

বৈজ্ঞানিক মাদাম কুরী / (Record no. 10783)

MARC details
000 -LEADER
fixed length control field 00628nam a2200217 a 4500
001 - CONTROL NUMBER
JCCL Control Number 10783
003 - CONTROL NUMBER IDENTIFIER
JCCL marc code BD-JhCC
005 - DATE AND TIME OF LATEST TRANSACTION
control field 20190319105052.0
008 - FIXED-LENGTH DATA ELEMENTS--GENERAL INFORMATION
fixed length control field 190319b1970 bg a|||| ||u| 000 0 ben d
035 ## - SYSTEM CONTROL NUMBER
system control number (BD-JhCC)10783
040 ## - CATALOGING SOURCE
Original cataloging agency BD-JhCC
Modifying agency BD-JhCC
041 ## - LANGUAGE CODE
Language code of Book ben
082 ## - DEWEY DECIMAL CLASSIFICATION NUMBER
Classification number 920
Author mark and Year ISL 1970
100 ## - MAIN ENTRY--PERSONAL NAME
Personal name ইসলাম,রফিকুল
245 ## - TITLE STATEMENT
Title বৈজ্ঞানিক মাদাম কুরী /
Statement of responsibility, etc রফিকুল ইসলাম
260 ## - PUBLICATION, DISTRIBUTION, ETC. (IMPRINT)
Place of publication, distribution, etc ঢাকা,
Name of publisher, distributor, etc প্রকাশ ভবন;
Date of publication, distribution, etc 1970.
300 ## - PHYSICAL DESCRIPTION
Pagination 69 p. :
Other physical details ill;
Dimensions 8 cm
651 ## - SUBJECT ADDED ENTRY--GEOGRAPHIC NAME
Geographic name Biography
942 ## - ADDED ENTRY ELEMENTS (KOHA)
Source of classification or shelving scheme Library of Congress Classification
Koha item type Books
Holdings
Source of classification or shelving scheme Damaged status Not for loan Home library Current library Shelving location Date of accession Cost, normal purchase price Total Checkouts Full call number Barcode Date last seen Copy number Koha item type
Dewey Decimal Classification     JCC Rouf Library JCC Rouf Library General Stacks 03/19/2019 1.50   920 ISL 1970 11965 03/19/2019 C-1 Books

JCC Library | Contacts | JCC Home

Last Update on 23 September 2017
Copyright @ 2017-2020 JCC Rouf Library
Rouf Library, Jhenidah Cadet College (JCC), Bangladesh